| 000 | 00000nam##2200000za#4500 |
| 001 | 9.557677 |
| 003 | CaOODSP |
| 005 | 20210624172017 |
| 007 | cr ||||||||||| |
| 008 | 150406|2001||||xxc|||||o f|0| 0 eng|d |
| 040 | |aCaOODSP|beng |
| 043 | |an-cn--- |
| 086 | 1 |aNH18-22/95-210E-IN |
| 110 | 2 |aCanada Mortgage and Housing Corporation. |
| 245 | 10|aEnergy efficiency technology impacts appliances |h[electronic resource] |
| 260 | |aOttawa - Ontario : |bCanada Mortgage and Housing Corporation |
| 300 | |a3p. (53 KB) |
| 490 | 1 |aResearch and development highlights; technical series |v95-210 |
| 590 | |a01-12|b2001-03-23 |
| 690 | 07|aEnergy efficiency|2gcpds |
| 690 | 07|aHousehold equipment|2gcpds |
| 690 | 07|aHousing|2gcpds |
| 775 | 08|tIncidence de la technologie éconergétique - appareils / |w(CaOODSP)9.607647 |
| 830 | #0|aResearch and development highlights; technical series ;|v95-210|w(CaOODSP)9.504481 |
| 856 | 40|ahttp://publications.gc.ca|qPDF|s53 KB|uhttps://publications.gc.ca/collections/Collection/NH18-22-95-210E.pdf|y95-210 |